Statistics for 196 Cities, 196 Countries

Click here to take the quiz!

General Stats

  • This quiz has been taken 91 times
    (66 since last reset)
  • The average score is 123 of 196

Answer Stats

CityCountry% Correct
PyongyangNorth Korea
93%
BissauGuinea-Bissau
91%
BeirutLebanon
89%
Panama CityPanama
89%
San MarinoSan Marino
89%
BangkokThailand
89%
Vatican CityVatican City
89%
HavanaCuba
88%
DjiboutiDjibouti
88%
Guatemala CityGuatemala
88%
JakartaIndonesia
88%
Kuwait CityKuwait
88%
SingaporeSingapore
88%
ZurichSwitzerland
88%
NassauBahamas
86%
San SalvadorEl Salvador
86%
Kuala LumpurMalaysia
86%
Cape TownSouth Africa
86%
DubaiUnited Arab Emirates
86%
AlgiersAlgeria
84%
Andorra la VellaAndorra
84%
PerthAustralia
84%
MinskBelarus
84%
SarajevoBosnia and Herzegovina
84%
AlexandriaEgypt
84%
Addis AbabaEthiopia
84%
Port-au-PrinceHaiti
84%
VilniusLithuania
84%
LuxembourgLuxembourg
84%
TaipeiTaiwan
84%
EdinburghUnited Kingdom
84%
TallinnEstonia
82%
KrakowPoland
82%
Sao TomeSao Tome and Principe
82%
MeccaSaudi Arabia
82%
MarseilleFrance
81%
RigaLatvia
81%
UlaanbaatarMongolia
81%
KathmanduNepal
81%
AucklandNew Zealand
81%
LagosNigeria
81%
LjubljanaSlovenia
81%
ColomboSri Lanka
81%
AnkaraTurkey
81%
MontevideoUruguay
81%
Santo DomingoDominican Republic
79%
DohaQatar
79%
CaracasVenezuela
79%
YerevanArmenia
77%
San JoseCosta Rica
77%
NicosiaCyprus
77%
AccraGhana
77%
CorkIreland
77%
CancunMexico
77%
Monte CarloMonaco
77%
MuscatOman
77%
AsuncionParaguay
77%
DakarSenegal
77%
ThessalonikiGreece
75%
AntananarivoMadagascar
75%
WindhoekNamibia
75%
Bandar Seri BegawanBrunei
74%
TegucigalpaHonduras
74%
Port MoresbyPapua New Guinea
74%
PortoPortugal
74%
OmahaUnited States of America
74%
MedellinColombia
72%
AmmanJordan
72%
ManaguaNicaragua
72%
Nizhny NovgorodRussia
72%
AleppoSyria
72%
TashkentUzbekistan
72%
SucreBolivia
70%
VaduzLiechtenstein
70%
TangierMorocco
70%
UtrechtNetherlands
70%
LahorePakistan
70%
BrazzavilleRepublic of the Congo
70%
FreetownSierra Leone
70%
BelmopanBelize
68%
SplitCroatia
68%
GeorgetownGuyana
68%
BishkekKyrgyzstan
68%
ChisinauMoldova
68%
Port of SpainTrinidad and Tobago
68%
KampalaUganda
68%
DiliEast Timor
67%
MonroviaLiberia
67%
MaleMaldives
67%
ParamariboSuriname
67%
ThimphuBhutan
65%
NagoyaJapan
65%
VientianeLaos
65%
BamakoMali
65%
HarareZimbabwe
65%
KandaharAfghanistan
63%
N'DjamenaChad
63%
HaifaIsrael
63%
NouakchottMauritania
63%
MaputoMozambique
63%
DushanbeTajikistan
63%
ManamaBahrain
61%
OuagadougouBurkina Faso
61%
ConakryGuinea
61%
MombasaKenya
61%
Quezon CityPhilippines
61%
ZaragozaSpain
61%
DodomaTanzania
61%
TurkmenbasyTurkmenistan
61%
LusakaZambia
61%
BridgetownBarbados
60%
GaboroneBotswana
60%
PraiaCape Verde
60%
ValparaisoChile
60%
GuayaquilEcuador
60%
AlmatyKazakhstan
60%
BenghaziLibya
60%
LilongweMalawi
60%
BergenNorway
60%
VictoriaSeychelles
60%
BusanSouth Korea
60%
JubaSouth Sudan
60%
Nuku'alofaTonga
60%
ManausBrazil
58%
YangonBurma
58%
LibrevilleGabon
58%
Port VilaVanuatu
58%
St. John'sAntigua and Barbuda
56%
RosarioArgentina
56%
GrazAustria
56%
UrumqiChina
56%
AbidjanCote d'Ivoire
56%
RoseauDominica
56%
AsmaraEritrea
56%
Montego BayJamaica
56%
Port LouisMauritius
56%
KigaliRwanda
56%
UppsalaSweden
56%
LomeTogo
56%
FunafutiTuvalu
56%
ReginaCanada
54%
MoroniComoros
54%
BanjulGambia
54%
MaseruLesotho
54%
BasseterreSaint Kitts and Nevis
54%
MbabaneSwaziland
54%
BanguiCentral African Republic
53%
TarawaKiribati
53%
NgerulmudPalau
53%
Cluj-NapocaRomania
53%
KingstownSaint Vincent and the Grenadines
53%
ApiaSamoa
53%
ChittagongBangladesh
51%
LucknowIndia
51%
PalikirMicronesia
51%
CastriesSaint Lucia
51%
HoniaraSolomon Islands
51%
BujumburaBurundi
49%
St. George'sGrenada
49%
YarenNauru
49%
AdenYemen
49%
CataniaItaly
47%
MajuroMarshall Islands
46%
CotonouBenin
44%
OstravaCzech Republic
44%
IquitosPeru
44%
OdenseDenmark
42%
MonchengladbachGermany
42%
Novi SadSerbia
42%
LuhanskUkraine
42%
OuluFinland
40%
KosiceSlovakia
40%
DoualaCameroon
39%
DebrecenHungary
39%
VarnaBulgaria
37%
KopavogurIceland
35%
YazdIran
35%
ArbilIraq
33%
SfaxTunisia
32%
LokerenBelgium
30%
HueVietnam
30%
DurresAlbania
28%
BattambangCambodia
28%
Mbuji-MayiDemocratic Republic of the Congo
28%
BataEquatorial Guinea
28%
OmdurmanSudan
28%
HargeisaSomalia
26%
SumqayitAzerbaijan
25%
KutaisiGeorgia
25%
OhridMacedonia
25%
KotorMontenegro
25%
SigatokaFiji
21%
FerizajKosovo
21%
KuitoAngola
19%
AgadezNiger
19%
QormiMalta
18%

Score Distribution

Percentile by Number Answered

Percent of People with Each Score

Your Score History

You have not taken this quiz since the last reset